King Sturge (Record no. 112319)

MARC details
000 -LEADER
fixed length control field 00641cam a22002295a 4500
001 - CONTROL NUMBER
control field E153007
008 - FIXED-LENGTH DATA ELEMENTS--GENERAL INFORMATION
fixed length control field 110523s2010 xxk f 000 0 eng d
035 ## - SYSTEM CONTROL NUMBER
System control number (Sirsi) u153007
041 0# - LANGUAGE CODE
Language code of text/sound track or separate title eng
050 04 - LIBRARY OF CONGRESS CALL NUMBER
Classification number 920 $2 18
100 1# - MAIN ENTRY--PERSONAL NAME
Personal name Stapleton, Tim
245 00 - TITLE STATEMENT
Title King Sturge
Remainder of title 250 years in partnership
260 ## - PUBLICATION, DISTRIBUTION, ETC.
Place of publication, distribution, etc. [London]
Name of publisher, distributor, etc. King Sturge
Date of publication, distribution, etc. [2010]
300 ## - PHYSICAL DESCRIPTION
Extent 52p.
Other physical details col. ill.
Dimensions 30cm.
520 ## - SUMMARY, ETC.
Summary, etc. Outlines the history of King Sturge and discusses future plans.
590 ## - LOCAL NOTE (RLIN)
Local note KA
651 #4 - SUBJECT ADDED ENTRY--GEOGRAPHIC NAME
Geographic name United Kingdom
Chronological subdivision
690 ## - LOCAL SUBJECT ADDED ENTRY--TOPICAL TERM (OCLC, RLIN)
Topical term or geographic name as entry element ABOUT RICS-RICS MEMBERS
700 1# - ADDED ENTRY--PERSONAL NAME
Personal name Perowne, Mark
Relator term Editor
700 1# - ADDED ENTRY--PERSONAL NAME
Personal name Gray, Paul
Relator term Editor
942 ## - ADDED ENTRY ELEMENTS (KOHA)
Suppress in OPAC 0
Holdings
Withdrawn status Lost status Source of classification or shelving scheme Damaged status Not for loan Home library Current library Shelving location Date acquired Total Checkouts Full call number Barcode Date last seen Copy number Price effective from Koha item type
    Dewey Decimal Classification     London London Folio 23/05/2011   F920 KIN 30075619 06/08/2019 1 06/08/2019 Book